| 000 | 00619nam a2200217Ii 4500 | ||
|---|---|---|---|
| 003 | JO-AjNU | ||
| 008 | 230605s9999||||xx |||||||||||||| ||und|| | ||
| 017 | _a1992/10/746 | ||
| 040 |
_aJO-AjNU _bara _erda _cJO-AjNU |
||
| 041 | _aara | ||
| 050 | 1 | 4 | _aJC421.A943.1992 |
| 100 | 3 |
_aعايش ، حسني, _eauthor _918258 |
|
| 245 | 0 | 0 | _aالديمقراطية هي الحل |
| 250 | _aط1 | ||
| 264 | 3 | 1 | _aعمان :حسني عايش ،1992 |
| 300 | _a367ص | ||
| 336 |
_atext _btxt _2rdacontent |
||
| 337 |
_aunmediated _bn _2rdamedia |
||
| 338 |
_avolume _bnc _2rdacarrier |
||
| 650 | 4 |
_aالديمقراطية _918259 |
|
| 999 |
_aA5804 _c9372 _d9372 |
||